000 01135nam a2200313 i 4500
003 DO-SdBNP
005 20240305132445.0
006 a||||er|||| 00| 0
007 ta
008 231208b1988 dr a|||| |||| 00| 0 spa d
040 _aDO-SdBNP
_bspa
_cBNPHU
_erda
082 4 _222
_bM294e
245 1 0 _aManual de educación sexual. /
_cRosa Rita Álvarez, Sandra Best, Milton Cordero, Octavio Estrella, Denis Mota Álvarez ; ilustración, Millarray Quiroga, José Mercader.
250 _a5a. edición
264 1 _aSanto Domingo :
_bPROFAMILIA,
_c1988
300 _a110 páginas :
_bIlustraciones ;
_c27 cm.
336 _2rdacontent
_atexto
_btxt
337 _2rdamedia
_asin mediación
_bn
338 _2rdacarrier
_avolumen
_bnc
590 _aInventariado 2023 / MF
700 1 _aÁlvarez, Rosa Rita.
_974206
_eautora
700 _aBest, Sandra,
_956719
_eautora
700 1 _aCordero, Milton,
_956720
_eautor
700 1 _aEstrella, Octavio,
_952662
_eautor
700 1 _aMota Álvarez, Denis,
_d1952-
_911007
700 1 _aQuiroga, Millarray,
_956721
_eillustrador
700 _aMercader, José,
_956560
_eilustrador
942 _2ddc
_cLBS1
999 _c55634
_d55634